[Event "Turnier 40 / 120"]
[Site "DESKTOP-NL3KVDB"]
[Date "2023.04.03"]
[Round "28"]
[White "Mephisto Phönix TM Vancouver - 36 MHZ"]
[Black "Mephisto Risc II - 14 MHZ"]
[Result "1/2-1/2"]
[BlackElo "2244"]
[WhiteElo "2250"]

{Analyse -----> Komodo 14.1.} 1. d4 d5 2. c4 dxc4 3. e4 e5 4. Nf3 exd4 5.
Bxc4 Bb4+ 6. Bd2 Bxd2+ 7. Nbxd2 Nc6 8. O-O Nf6 9. e5 Ng4 10. h3 Nh6 11. Nb3
{Buchende} Nf5 {Buchende} 12. Bb5 {Buchbewertung TM Vancouver: +0,27} Bd7
{Buchbewertung Mephisto Risc II: -0,15 / lt. Komodo eine sehr ungünstige
Eröffnung von Schwarz er bewertet das bereits mit +1,20 für Weiss} 13. Qd3
{deutlich schwächer als Dc2, Komodo +0,80} g6 {besser ist Sfe7, Komodo
-1,00} 14. Rfd1 {nicht ideal besser ist Sc5, Komodo +0,70} O-O 15. Bxc6
Bxc6 16. Nfxd4 Nxd4 17. Nxd4 Bd5 18. Nf5? {ein schwacher Zug, deutlich
besser ist Dg3, Komodo +0,40} c6? {ein schlechter Zug, danach ist Weiss
wieder klar im Vorteil, Komodo -1,30, nötig war Dg5} 19. Qg3! Qc7?? {ein
Verlustzug, danach ist die Partie bereits klar verloren, Komodo -2,70,
deutlich besser ist Tfe8 mit ca. -1,30} 20. Ne3?? {so allerdings nicht, ein
ganz schwacher Zug, der ganze 2 Bauerneinheiten !! verspielt, Komodo +0,70,
gewonnen hätte Dg5} Be6 21. b3 Rad8 22. Nc4?? {ein ganz schlechter Zug, der
jeglichen Vorteil verspielt, danach ist die Stellung im Lot, Komodo 0,00,
Vorteil versprach noch Td6 mit ca. +0,80} Rxd1+ 23. Rxd1 Rd8 {weniger gut,
besser ist Lxc4, Komodo -0,50} 24. Nd6 Qa5?? {ein ganz schlechter Zug,
danach ist Weiss klar im Vorteil, Komodo -1,50, nötig war f6} 25. a4
{besser ist Kh2, Komodo +1,20} Qb4 26. Rd3 Qe1+?? {ein Verlustzug, danach
ist die Partie bereits verloren, Komodo -2,20, deutlich mehr Widerstand
leistet h6, jedoch muss man dazu sagen aus Sicht von Komodo 14.1., nach
Meinung beider Geräte ist die Stellung etwa gleich, hier werden keinerlei
Vorteile erkannt.} 27. Kh2 b6? {weit schwächer als Da5, Komodo -3,00} 28.
Qg5! {richtig, aber TM Vancouver sieht nahezu keinen Vorteil, Berwertung:
+0,15} Rf8 {auch Risc II sieht die Stellung praktisch ausgeglichen,
Bewertung: +0,08} 29. Qe3??? {und jetzt sieht man, warum denn nach diesem
Zug stimmt die Bewertung der beiden Geräte und jeglicher Vorteil ist dahin,
Komodo 0,00, gewonnen hätte f4 (auch Risc II hätte De3 gespielt)} Qxe3 30.
Rxe3 Kg7 31. Kg3 f6 32. exf6+ Kxf6 33. Ne4+ Kg7 34. Ng5 Bd5 35. Ne6+ Bxe6
36. Rxe6 c5 37. Rd6 Rf6 38. Rd5 Rf7 39. h4 Kf6 40. h5 Ke6 41. hxg6 hxg6 42.
Rd8 Rh7 43. Rg8 Kf5 44. Rf8+ Ke4 45. Kg4 Rh2 46. g3 Rh1 47. Rf7 Rb1 48.
Rxa7 Rxb3 49. Kg5??? {ein absoluter Verlustzug, danach ist die Partie
sofort verloren, Komodo -5,00 mit der Fortsetzung c4, nötig war Tc7 und es
ist Remis} Rf3??? {verpasst den sofortigen Gewinn und verspielt auf einen
Schlag den gesamten Vorteil, danach ist es gleich wieder Remis, Komodo
0,00} 50. Re7+? {ein sinnloses Schachgebot, das Schwarz wieder etwas in
Vorteil bringt, Komodo -1,00, nötig war Tc7} Kd3 {besser ist Kd5, die
Stellung ist wieder im Lot, Komodo 0,00} 51. Re6??? {ein Verlustzug, Komodo
-2,30 mit der Fortsetzung c4, Remis hätte Td7+ gesichert} Rxf2???
{verschenkt wieder den Sieg, Remis !} 52. Rd6+ Kc3 53. Rxb6 Ra2 54. Kxg6
Rg2 55. Kf5 Rxg3 56. Kf4 Rg7 57. a5 c4 58. a6 Ra7 59. Ke4 Kc2 60. Kd4 c3
61. Rc6 Kd2 62. Kc5 Ra8 {Userentscheid: Remis} 1/2-1/2
[/pgn]
[pgn]

[Event "Turnier 40 / 120"]
[Site "DESKTOP-NL3KVDB"]
[Date "2023.04.03"]
[Round "29"]
[White "Mephisto Risc II - 14 MHZ"]
[Black "Mephisto Phönix TM Vancouver - 36 MHZ"]
[Result "0-1"]
[BlackElo "2250"]
[WhiteElo "2244"]

{Analyse ----> Komodo 14.1.} 1. d4 d5 2. c4 dxc4 3. Nf3 Nf6 4. e3 e6 5.
Bxc4 c5 6. O-O a6 7. a4 Nc6 8. Qe2 cxd4 9. Rd1 Be7 10. exd4 O-O 11. Nc3 Nb4
12. Ne5 Nfd5 13. Qe4 {Buchende} Qd6 14. Bd2 {Buchbewertung Mephisto Risc
II: +0,13} b6 {Buchende} 15. Rac1 Bb7 {Buchbewertung TM Vancouver: +0,18 /
lt. Komodo ist die Stellung etwa gleich} 16. Nxd5 Nxd5 17. Re1 Ra7 18. Bd3
Nf6 19. Qf4 Rd8 20. Bc3 Qd5 21. f3 Qb3? {ein schwacher Zug, deutlich besser
ist Dd6, danach steht Weiss klar besser, Komodo +1,30} 22. Qh4? {so aber
nicht, danach ist nahezu der gesamte Vorteil dahin, Komodo +0,30, nötig war
g4 mit klarem Vorteil} h6 23. Bc2 Qd5 24. Qg3 Bd6 25. Qf2 Kf8? {ein
schwacher Zug, danach steht Weiss wieder besser, Komodo -1,00, nötig war a5
mit Ausgleich} 26. Bd3 {etwas schwächer als Le4, Komodo +0,70} Rc8 27. Be4
Qb3 28. Bxb7 {nicht ideal, besser ist Lc2 als Fehlerkorrektur, aber das ist
natürlich für Risc II eine Stellungswiederholung und somit 0,00 nach dem
Textzug ist die Stellung im Lot, Komodo 0,00} Rxb7 29. Bb4 Rd8 30. Bxd6+
Rxd6 31. Rc4 b5 32. axb5 Qxb5 33. Re2 Rd8 34. Rec2 Qb3 35. Qd2 Qb6 36. Rc5
Nd5 37. Rc8 Rxc8 38. Rxc8+ Ke7 39. Rg8 g6 40. Rg7 Kf8 41. Rh7??? {ein
Verlustzug, danach ist die Partie bereits klar verloren, Komodo -2,50, hier
hätte 41. Txg6 !! bereits zum sicheren Remis geführt, Schwarz wäre danach
nicht mehr aus dem Schach gekommen} Kg8 42. Rxh6 Qxb2 43. Qxb2 Rxb2 44. Rh4
Ne3 45. g3 Rg2+ 46. Kh1 Rd2? {zielt auf den Gewinn des D-Bauern, dies ist
aber ein schwacher Plan, deutlich besser ist Te2 mit +3,00, nach dem
Textzug ist Schwarz noch mit ca. +1,60 im Vorteil} 47. Kg1 Nf5 48. Re4 Nxd4
49. Kf1 Rd1+ 50. Kf2 Kg7 51. Nc4 Nc6 52. h4 a5 53. f4? {ein ganz schwacher
Zug, danach ist die Partie bereits verloren, Komodo -2,20, deutlich mehr
Widerstand leistet Te3 mit ca. -1,40} Kf6? {ein ganz schwacher Zug, der den
Vorteil von Schwarz halbiert, Komodo +1,10, nötig war a4} 54. Re3 Rc1 55.
Nd2 {besser ist Se5, Komodo -1,50} Kf5 {besser ist Tc2, Komodo +1,20} 56.
Ra3 Rc2 57. Ke1 f6 58. Ra4 {deutlich schwächer als Sf1, Komodo -1,60} Rb2
59. Ra3 Rb4 60. Nb3 Rb5 61. Nd2 e5 {klar schwächer als Sd4, Komodo +1,20}
62. fxe5 fxe5? {ein schlechter Zug, der den Vorteil von Schwarz halbiert,
Komodo +0,60, nötig war Sxe5} 63. Rf3+? {ein völlig sinnloses Schachgebot,
das Schwarz wieder klar in Vorteil bringt, Komodo -1,20, nötig war Sc4} Ke6
64. Ne4 Rb1+ 65. Kd2 {klar schwächer als Kf2, Komodo -1,70} Rb2+ 66. Kc1
Rc2+ 67. Kxc2 {klar schwächer als Kd1, danach ist die Partie bereits klar
verloren, Komodo -3,00} Nd4+ 68. Kd3 Nxf3 69. Ke3 Nh2 70. Kf2 Ng4+ 71.
Kg2??? {es ist schon egal, aber natürlich die falsche Richtung, der König
sollte zur Brettmitte, Komodo -5,50 !!} Nf6 72. Nc3 Kf5 73. Na4 Ke4 74. Kf2
Kd4 75. Ke1 Ke3 {Rest geschenkt} 0-1
[/pgn]
[pgn]

[Event "Turnier 40 / 120"]
[Site "DESKTOP-NL3KVDB"]
[Date "2023.04.04"]
[Round "30"]
[White "Mephisto Phönix TM Vancouver - 36 MHZ"]
[Black "Mephisto Risc II - 14 MHZ"]
[Result "0-1"]
[BlackElo "2244"]
[WhiteElo "2250"]

{Analyse ----> Komodo 14.1.} 1. d4 Nf6 2. Nf3 d5 {Buchende} 3. g3
{Buchende} Nbd7 {Buchbewertung Mephisto Risc II: +0,01} 4. Bg2
{Buchbewertung TM Vancouver: +0,12 / lt. Komodo steht Weiss eine Nuance
besser mit ca. +0,30} e6 5. O-O c5 6. c3 Bd6 7. Na3 Qb6 8. Qb3 O-O 9. Qxb6
axb6 10. Nb5 Bb8 11. a3 e5 12. dxe5 Nxe5 13. Bg5 Ne4 14. Bf4 {weniger gut,
besser ist Sxe5} Nc4 15. Bxb8 Rxb8 16. Ra2 Bd7 17. Nc7 Bc6 18. a4 Rfc8 19.
Nb5 Re8 {weniger gut, besser ist Ta8} 20. e3 Re7 21. Nh4? {ein schlechter
Zug, danach steht Schwarz bereits klar besser, Komodo -1,30, deutlich
besser ist Tfa1} Ra8 22. Bxe4?? {ein Verlustzug, danach ist die Partie
bereits klar verloren, Komodo -2,50, nötig war immer noch Tfa1} dxe4 23.
Rfa1 Rd7 24. b4 Rad8 {etwas besser ist Sd2, Schwarz steht aber klar auf
Gewinn, Komodo +2,00} 25. Ng2?? {ein grottenschlechter Zug, danach ist
bereits alles aus, Komodo -3,30, deutlich mehr Widerstand leistet noch g4
mit ca. -2,00} Rd1+ 26. Ne1 Ne5 {nicht ideal, besser ist f6, Komodo +2,50}
27. Kg2 R1d5? {ein schwacher Zug, deutlich besser ist Txa1, Komodo +1,70}
28. Nc7? {auch nicht gerade das Gelbe vom Ei, deutlich besser ist Sa7,
Komodo -2,20} R5d7 29. Nb5 Ra8 30. Kg1??? {ohne Worte, Komodo -2,80} f5 31.
Kg2 g5 {Mephisto Risc II sieht sich zurecht klar im Vorteil: +1,50} 32. h3
{TM Vancouver hat hingegen keine Ahnung von dieser Stellung: Bewertung nur
-0,33 ?? / Komodo -3,00} h6 33. h4 Kg7 34. hxg5? {ganz schwach, Komodo
-4,00, besser ist noch bxc5 rettet aber auch nichts mehr mit ca. -3,00}
hxg5 35. Nc2 Kf6! {Risc II macht alles richtig in dieser Partie, Komodo
+5,00} 36. Ne1? {es spielt keine Rolle mehr, aber wieder um ganze 2
Bauerneinheiten schlechter als bxc5, Komodo -7,00} Ke6? {der 1. schwache
Zug von Risc II in der gesamten Partie, verspielt ca. 2,5 Bauerneinheiten
!!, dennoch steht Schwarz natürlich klar auf Gewinn, Komodo +4,50} 37. Nc2?
{ganz schwach, deutlich besser ist noch bxc5, Komodo -6,00} Bd5 {besser ist
Th8, aber völlig ausreichend, Komodo +5,00} 38. Rb2? {besser ist noch Ta3,
Komodo -7,00} Kf6?? {ein ganz schlechter Zug, der den Vorteil von Schwarz
halbiert, Komodo +3,50, sofort gewonnen hätte f4} 39. Ne1??? {sogar noch
schlechter als der vorige Zug von Risc II, Komodo -14,00 !!, büsst ganze 10
Bauerneinheiten ein !!!, nötig war Th1} Rh8! {richtig} 40. Na3 Rdh7 41.
Nec2 Nd3 42. bxc5 Rh2+ {Mephisto Risc II: Mattankündigung in 9} 43. Kf1 {TM
Vancouver erkennt Selbstmatt in 8 ----> Aufgabe !} 0-1
[/pgn]
[pgn]

[Event "Turnier 40 / 120"]
[Site "DESKTOP-NL3KVDB"]
[Date "2023.04.04"]
[Round "31"]
[White "Mephisto Risc II - 14 MHZ"]
[Black "Mephisto Phönix TM Vancouver - 36 MHZ"]
[Result "0-1"]
[BlackElo "2250"]
[WhiteElo "2244"]

{Analyse ----> Komodo 14.1.} 1. e4 c6 2. d4 d5 3. Nc3 dxe4 4. Nxe4 Nd7 5.
Bc4 Ngf6 6. Ng5 e6 7. Qe2 Nb6 8. Bd3 h6 9. N5f3 c5 10. dxc5 Bxc5 11. Ne5
Nbd7 12. Ngf3 Qc7 13. O-O O-O 14. Bf4 Bd6 15. Rfe1 Nxe5 16. Nxe5 b6 17. Qf3
Bb7 18. Qh3 Rfd8 19. Rad1 Ne4 {Buchende} 20. Bxe4 Bxe4 {Buchbewertung TM
Vancouver: -0,57} 21. Nxf7 Qxf7 22. Rxd6 {Buchbewertung Mephisto Risc II:
+0,70, besser ist Lxd6, lt. Komodo ist die Stellung etwa gleich} Qxf4 23.
Qxe6+ Kh7 24. Rxd8 Rxd8 25. Rxe4 Qc1+ 26. Re1 Rd1 27. Qe4+ Kh8 28. Kf1
Rxe1+ 29. Qxe1 Qxc2 30. Qa1 g5? {ein schlechter Zug, danach steht Weiss
besser, Komodo -1,00, nötig war b5 mit Ausgleich} 31. b4+ Kg8 32. Kg1 Kf7
33. a3 g4 34. h3? {verspielt jeglichen Vorteil, danach ist die Partie
bereits Remis, Komodo 0,00, Vorteil versprach noch Df1} gxh3 35. gxh3 Qg6+
36. Kh1 Qe4+ 37. Kh2 Qf4+ 38. Kg2 Qg5+ 39. Kf1 Qb5+ 40. Kg1 Qg5+ 41. Kh1
Qd5+ 42. Kh2 Qd6+ 43. Kg2 Qg6+ 44. Kf3 Qf5+ 45. Kg2 Qg6+ 46. Kf3 Qf5+ 47.
Kg3 Qg6+ 48. Kf4 Qg5+ 49. Ke4 Qg2+ 50. f3 Qxh3 51. Qe5 Qe6 52. Qxe6+???
{ein absoluter Verlustzug, danach ist die Partie sofort verloren, Komodo
-10,00, nötig war Kf4 und es ist Remis (TM Vancouver hatte den richtigen
Zug vorgeschlagen)} Kxe6 53. b5 h5 54. f4 Kf6 55. Kf3 Kf5 56. Kg3 Ke4 57.
Kh4 Kxf4 58. Kxh5 Ke3 59. Kg5 {Komodo Matt in 20} Kd3 60. Kf6 Kc4 61. a4
{Mephisto Risc II: -5,43 ---> aufgegeben !} 0-1
[/pgn]
[pgn]

[Event "Turnier 40 / 120"]
[Site "DESKTOP-NL3KVDB"]
[Date "2023.04.05"]
[Round "32"]
[White "Mephisto Phönix TM Vancouver - 36 MHZ"]
[Black "Mephisto Risc II - 14 MHZ"]
[Result "1-0"]
[BlackElo "2244"]
[WhiteElo "2250"]

{Analyse ----> Komodo 14.1.} 1. e4 e5 2. Nf3 Nc6 3. Bc4 Bc5 4. d3
{Buchende} d6 {Buchende} 5. Ng5 {Buchbewertung TM Vancouver: +0,09} Nh6
{Buchbewertung Mephisto Risc II: +0,11 lt. Komodo steht Weiss eine Nuance
besser mit ca. +0,30} 6. Nc3 Na5 {die Stellung ist im Lot, Komodo 0,00} 7.
Na4 Nxc4 8. dxc4 Bd4 9. Nf3 Bg4 10. Bxh6 gxh6 11. c3 Bb6 12. c5 dxc5 13.
Qxd8+ Rxd8 14. Nxe5 Rg8 15. g3 Bh5 16. Rf1 f6 17. Nc4 Rg7 18. f3 Rgd7 19.
b3 Rd3? {ein schwacher Zug, danach steht Weiss klar besser, Komodo -1,00,
deutlich besser ist Lf7} 20. Ke2 Ke7 21. Rac1 R3d7 22. Nab2 c6 23. Rcd1
Rxd1 24. Rxd1 Rxd1 25. Nxd1 Bc7 26. Nf2 Bg6 27. Nd3 b6 28. Ke3 {nicht
optimal, besser ist Se3, Komodo +0,50} Bf7 {etwas besser ist h5, Komodo
-0,70} 29. e5? {ein schwacher Zug, danach ist Weiss nur noch knapp im
Vorteil mit ca. +0,30, nötig war Sd2} Bxc4 30. exf6+ Kxf6 31. bxc4 Kf5 32.
f4 h5 33. h3 h6 34. a3 Bd6 35. Kf3 {die Stellung ist im Lot, Komodo 0,00}
a5??? {ein Verlustzug, danach ist die Partie klar verloren, Komodo -2,50,
nötig war b5 und alles ist im Lot} 36. a4! Bc7 37. g4+ hxg4+ 38. hxg4+ Kf6
39. Ke4 Bd6 40. Ne5 Bxe5 41. fxe5+ {Komodo +8,00} Kg5 42. Ke3 h5 43. gxh5
Kxh5 44. Kf3 {an dieser Stelle hatte ich die Partie für TM gewertet, nach
Einspruch von "Borromeus" wird sie hier fortgesetzt.} Kg6 45. Kf4 Kf7
{Komodo Matt in 16} 46. Kf5 Kg7 {Risc II: -7,50 ------> aufgegeben !} 1-0
[/pgn]
[pgn]

[Event "Turnier 40 / 120"]
[Site "DESKTOP-NL3KVDB"]
[Date "2023.04.06"]
[Round "33"]
[White "Mephisto Risc II - 14 MHZ"]
[Black "Mephisto Phönix TM Vancouver - 36 MHZ"]
[Result "0-1"]
[BlackElo "2250"]
[WhiteElo "2244"]

{Analyse ----> Komodo 14.1.} 1. c4 e6 2. Nf3 {Buchende} c5 3. e4
{Buchbewertung Mephisto Risc II: +0,14} Nc6 4. Nc3 Nf6 5. d4 cxd4 6. Nxd4
Bb4 {Buchende} 7. Nxc6 bxc6 {Buchbewertung TM Vancouver: +0,03 / lt. Komodo
ist die Stellung etwa gleich} 8. Bd3 Bxc3+ {weniger gut, besser ist e5,
Komodo -0,40} 9. bxc3 d6 10. Rb1 O-O 11. O-O Qa5 12. Qb3 Qe5 13. Ba3 Rd8
14. f4 {nicht optimal, besser ist c5, die Stellung ist im Lot} Qa5 15. Rfd1
Ba6 16. g3 {nicht ideal, besser ist Db4, Komodo -0,60} c5 17. Bc1 Qc7 18.
Qc2 Rab8 {nicht ideal, besser ist h6, die Stellung ist wieder im Lot,
Komodo 0,00} 19. Rxb8 Rxb8 20. e5 dxe5 21. fxe5 Nd7 22. Bxh7+ Kh8 23. Be4
Bxc4 24. Bf4 Nxe5? {nicht empfehlenswert, danach ist Weiss im Vorteil,
Komodo -0,80 mit der Fortsetzung Da4, besser ist Kg8 mit Ausgleich} 25.
Qd2? {das bringt absolut keinen Vorteil für Weiss, die Stellung ist wieder
im Lot, Komodo 0,00} Rf8 26. Rb1 Qd7 27. Qe3 Nd3 28. Bh6 Qe7??? {ein
absoluter Verlustzug, danach ist die Partie bereits verloren, Komodo -3,00,
nötig war Se5 mit nur ca. -0,50 (der Fairness halber sei noch gesagt, auch
Risc II hatte das vorgeschlagen)} 29. Bxg7+??? {Risc II verpasst leider den
Gewinn und verschenkt einfach alles auf einen Schlag, nach dem Textzug ist
die Stellung wieder im Lot, Komodo 0,00 (auch hier sei der Fairness halber
gesagt, auch TM Vancouver hatte das vorgeschlagen), gewonnen hätte 29.Lg5
!!} Kxg7 30. Rb7 Qf6 31. Bxd3 Bxd3 32. Qxd3 Rd8 33. Qe2??? {ein Verlustzug,
danach ist die Partie bereits verloren, Komodo -2,00, nötig war Df1 mit
Ausgleich} Qxc3 34. Qg4+??? {ein Katastrophenzug, danach ist alles aus,
Komodo -7,00, deutlich mehr Widerstand leistet noch Tb2 mit ca. -2,00} Kf8
35. Kg2??? {und gleich nochmals um ganze 7 Bauerneinheiten !! schlechter
als Tb1, Komodo -14,00} Rd2+ {weit schwächer als Dc2+, aber hier schon
egal, Komodo +9,00} 36. Kh3 Qe5 37. Rb1 Rxa2?? {ein ganz schlechter Zug,
der ganze 4 Bauerneinheiten !! einbüsst und den Vorteil von Schwarz
halbiert, Komodo +4,00, nötig war a5 mit ca. +8,00} 38. Rb5??? {ein
Horrorzug, der ganze 10 Bauerneinheiten !! einbüsst, nötig war Tf1, Komodo
-14,00} Rd2 39. Rb1 Rd4 40. Qf3 Qh8+ 41. Kg2 Rd2+ 42. Kf1 Qd4 43. h4 Rd3???
{ein grottenschlechter Zug, der ganze 7 Bauerneinheiten !!! einbüsst
gegenüber c4, dennoch steht Schwarz klar auf Gewinn, Komodo +3,50} 44. Qf4
{deutlich besser ist Dh5, Komodo -5,00} Qxf4+ {deutlich besser ist Td1+,
dennoch ich persönlich finde es mehr als verständlich, dass Schwarz die
Dame tauscht, ist doch eine wunderbare Vereinfachung und gewinnt natürlich
auch klar, Komodo +4,00 lt. Komodo büsst das ca. 1 Bauerneinheit ein,
dieser Zug ist trotzdem KEIN Fragezeichen aus meiner Sicht} 45. gxf4 Rf3+
46. Ke2 Rxf4 {Rest geschenkt} 0-1
[/pgn]
[pgn]

[Event "Turnier 40 / 120"]
[Site "DESKTOP-NL3KVDB"]
[Date "2023.04.06"]
[Round "34"]
[White "Mephisto Phönix TM Vancouver - 36 MHZ"]
[Black "Mephisto Risc II - 14 MHZ"]
[Result "1-0"]
[BlackElo "2244"]
[WhiteElo "2250"]

1. d4 d5 2. c4 c6 3. Nf3 Nf6 4. Nc3 e6 5. e3 Nbd7 6. Bd3 dxc4 7. Bxc4 b5 8.
Bd3 a6 9. e4 c5 10. d5 c4 11. dxe6 cxd3 12. exd7+ Qxd7 13. O-O Bb7 14. e5
{Buchende} Nd5 15. Qxd3 {Buchbewertung TM Vancouver: +0,24} Nxc3 16. Qxc3
Rc8 {Buchende} 17. Qd4 {Buchzug / Buchende} Bxf3 {Buchbewertung Mephisto
Risc II: -0,31 / lt. Komodo ist die Stellung exakt ausgeglichen, 0,00} 18.
Qxd7+ Kxd7 19. gxf3 Ke6 20. a4 Kxe5 {nicht optimal, besser ist b4, Komodo
-0,50} 21. axb5 axb5 22. Ra5 Rc5?? {ein ganz schlechter Zug, danach steht
Weiss bereits klar besser, Komodo -1,50, nötig war Tb8 mit ca. -0,60 (auch
TM Vancouver hatte Tc5 vorgeschlagen)} 23. Re1+? {ein schlechter Zug, der
den Vorteil von Weiss halbiert, Komodo +0,70, nötig war Ta8, na klar dann
hängt der Läufer und g6 ?? geht nicht wegen Ld2 und der Drohung Lc3+} Kf5
24. Be3? {verspielt jeglichen Vorteil, danach ist die Stellung bereits im
Lot, Komodo 0,00, nötig war Ta7 mit ca. +0,70} Rd5 25. Ra8 g6 26. Rc1 Bg7
27. Ra7 Bxb2 28. Rxf7+ Ke6 29. Rcc7 Ba3! {stark gespielt, die beste
Fortsetzung} 30. Rxh7 Rxh7 31. Rxh7 Rd7 32. Rh4 b4 33. Bc5 Rb7 34. Re4+ Kd5
35. Bf8 Rb8 36. Be7 Rb5 37. Kg2 Rb7 38. Kg3 Kc6 39. Kg4 Rb5 40. f4 Kd7 41.
h4 Kc6 42. Rd4 Kc7 43. Bf8 Kc8 {weniger gut, besser ist Kc6 mit Ausgleich,
Komodo -0,70} 44. Re4? {das bringt absolut keinen Vorteil für Weiss, die
Stellung ist wieder im Lot, nötig war Kg3} Rb6??? {ein völlig
unverständlicher Verlustzug, eine Katastrophe, den Vormarsch des Königs
zuzulassen, nötig ist einfach Kc7 und alles ist im Lot, nach dem Textzug
ist die Partie verloren, Komodo -2,30 mit der Fortsetzung Kg5} 45. Kg5! {na
klar, Vancouver nimmt die Einladung natürlich an} Kc7 46. Rd4 Kb7 47. Kh6
Kc7 48. f3 Kb7 49. Be7 Kc8 50. Bc5 Rc6 51. Bxb4 Bc1 52. Kg5 Kc7 53. Re4 Kb6
54. Be7 Kb5 55. Bf6 Kc5 56. Kxg6! {stark !, ignoriert den Qualitätsverlust
nach Lb2, der schnellste Gewinnweg !} Bb2 57. Re5+ Bxe5 58. fxe5 Kd5
{Mephisto Risc II: -5,63 -----> aufgegeben !} 1-0
[/pgn]
[pgn]

[Event "Turnier 40 / 120"]
[Site "DESKTOP-NL3KVDB"]
[Date "2023.04.07"]
[Round "35"]
[White "Mephisto Risc II - 14 MHZ"]
[Black "Mephisto Phönix TM Vancouver - 36 MHZ"]
[Result "1/2-1/2"]
[BlackElo "2250"]
[WhiteElo "2244"]

{Analyse -----> Komodo 14.1.} 1. c4 e5 2. Nc3 Nf6 3. Nf3 Nc6 4. g3 Bc5 5.
Bg2 {Buchende} a6? {ein ganz schlechter Buchzug, den man schon als
BUCHFEHLER bezeichnen muss, danach steht Weiss bereits klar besser, Komodo
+1,00 mit der Fortsetzung Sxe5, nötig war d6 mit Ausgleich} 6. O-O?
{Buchbewertung Mephisto Risc II: +0,09 ein schlechter Zug, der den frühen
Vorteil verpasst, danach steht Weiss nur noch knapp besser mit ca. +0,50}
d6 7. d3 O-O 8. Bg5 h6 {Buchende} 9. Bxf6 Qxf6 {Buchbewertung TM Vancouver:
-0,45 lt. Komodo ist die Stellung ausgeglichen} 10. Ne4 Qf5 11. Nxc5 dxc5
{die Stellung ist im Lot} 12. Qb3 Qf6 13. Rad1 Rb8 14. Qa3 b6 15. Nd2 Bb7
16. e3 Nb4 17. Bxb7 Rxb7 18. Qb3 Qg6 19. d4 exd4 20. exd4 Re8 21. a3 Nc6
22. dxc5? {ein schwacher Zug, deutlich besser ist Sf3 mit Ausgleich, Komodo
-1,00} Reb8? {ein ganz schlechter Zug, der jeglichen Vorteil verspielt,
schon erstaunlich, dass hier das mehr als Offensichtliche Sd4 !! nicht
gespielt wird, Komodo 0,00} 23. Qe3 bxc5 24. b3 Nd4 25. b4 Qc6 26. bxc5 Ne6
27. Rfe1 Rb2 28. Nf3 R8b3 29. Rd3 Rxd3 30. Qxd3 Qxc5 31. Re3 Qd6 32. Qxd6
cxd6 33. Nh4 Rc2 34. Nf5 Rxc4 35. Nxd6 Rc6 36. Nf5 Rc5 37. Ne7+ Kh7 38. Kg2
a5 39. Rd3 Rc7 40. Nf5 g5 41. Nd6 Kg6 42. Kf3 a4 43. h4 Rc2 44. Re3 Rb2 45.
hxg5 hxg5 46. g4 Rb6 47. Nc4 Rb7 48. Ke4 Kf6 49. Rh3 Rb1 50. Ne3 Nf4 51.
Rh6+ Ng6 52. Nc4 Kg7 53. Rh3 Nf4 54. Rc3 Rb5 55. Rc2 Rb3 56. Rb2 Nh3 {nicht
optimal, besser ist Tc3, Komodo -0,80} 57. Rxb3 axb3 58. f3 Kf6 59. a4 Ke6
60. Kd3 f5 {die Stellung ist wieder im Lot, Komodo 0,00} 61. gxf5+ Kxf5 62.
Nd2 Nf4+ 63. Kc3 Nd5+ 64. Kd4 Nc7 65. Nxb3 Kf4 66. Nd2 Na6 67. a5 Nb8 68.
Kd5 Ke3 69. Ne4 Kf4 70. Kd6 g4 71. fxg4 Kxe4 72. Kc7 Na6+ 73. Kb6 Nb4 74.
Kb5 Nd5 75. Kc5 Nc7 76. Kc6 Na6 77. g5 Kf5 78. g6 Kxg6 79. Kb5 Nc7+ 80. Kb6
Nd5+ 81. Kc6 Nb4+ 82. Kc5 Na6+ 83. Kb6 Nb4 84. Kb5 Nd5 85. Ka6 Nb4+ 86. Kb7
Kf6 87. Ka8 Nd5 88. Kb8 Ke6 89. Kb7 Nb4 90. Kb6 Kd6 {Userentscheid: Remis}
1/2-1/2
[/pgn]
[pgn]